000
00319nam a2200145Ia 4500
003
OSt
008
191201s2008 xx 000 0 und d
082
_a
658
_b
PAE
100
_a
PAUL, Justin
245
0
_a
Export Import Management
260
_a
New Delhi
_b
Oxford
_c
2008
300
_a
397
650
_a
MBA
942
_2
ddc
_c
BK
999
_c
162
_d
162